[Event "Nuremberg Zabo op 18th"]
[Site "Nuremberg"]
[Date "2016.09.18"]
[Round "5"]
[White "Hoffmann, Winfried"]
[Black "Steindl, Horst"]
[Result "1-0"]
[WhiteElo "1444"]
[BlackElo "1260"]
[PlyCount "81"]
[EventDate "2016.09.16"]
[EventType "swiss"]
[EventRounds "5"]
[EventCountry "GER"]
[SourceTitle "EXT 2018"]
[Source "ChessBase"]
[SourceDate "2017.10.13"]
[SourceVersion "1"]
[SourceVersionDate "2017.10.13"]
[SourceQuality "1"]

1. e4 c6 2. d4 d5 3. Nc3 dxe4 4. Nxe4 Bf5 5. Ng3 Bg6 6. h4 Nf6 7. h5 Be4 8. Nxe4 Nxe4 9. Nf3 e6 10. Qd3 Nf6 11. Bd2 c5 12. 0-0-0 cxd4 13. Nxd4 e5 14. Nb5 Qxd3 15. Bxd3 Na6 16. Rhe1 Nd7 17. Bf5 f6 18. Bxd7+ Kxd7 19. Be3+ Kc6 20. Nc3 Bc5 21. Rd2 Bxe3 22. Rxe3 Rad8 23. Red3 Rxd3 24. Rxd3 Nc5 25. Rd1 Ne6 26. g3 Rd8 27. Rxd8 Nxd8 28. Ne4 Nf7 29. Kd2 Kd5 30. Kd3 Ng5 31. Nxg5 fxg5 32. c4+ Kd6 33. Ke4 g6 34. hxg6 hxg6 35. g4 b6 36. b4 a6 37. c5+ bxc5 38. bxc5+ Kxc5 39. Kxe5 Kc4 40. Kf6 Kd4 41. Kxg6 1-0